| 000 | 00853nam a22002177a 4500 | ||
|---|---|---|---|
| 003 | AM-YeHGA | ||
| 005 | 20250617154132.0 | ||
| 008 | 180529s ||||| |||| 00| 0 rus d | ||
| 040 | _aAM-YeHGA | ||
| 041 | 0 | _arus | |
| 245 | 0 | 0 |
_aСтепан Разин : _bКартина В.И. Сурикова / _cГос. Русский музей ; [Ред. В.А. Пушкарев]. |
| 260 |
_aЛенинград : _bБ. и., _c1953. |
||
| 300 |
_a30 с. : _bил. |
||
| 600 | 1 | 4 |
_aСуриков, Василий Иванович, _d1848-1916 |
| 600 | 1 | 4 |
_aРазин, Степан Тимофеевич, _d1630-1671 |
| 650 | 1 | 4 |
_aРусская историческая живопись _y19 в. |
| 700 | 1 |
_aПушкарев, В.А. _eред. _4edt |
|
| 710 | 2 | _aГосударственный Русский музей | |
| 942 |
_2udc _cBK |
||
| 090 | _c407756 | ||
| 999 |
_c405509 _d405509 |
||